| 000 | 00426nam a22001457a 4500 | ||
|---|---|---|---|
| 082 |
_a372.623 _bREA _cL-29, P-42 |
||
| 100 |
_aTaylor, Ivan E. _938288 |
||
| 245 |
_aReading and writing _cIvan E. Taylor, J. Saunders Redding |
||
| 250 | _a1st ed. | ||
| 260 |
_aNew york _bThe ronald press company _cc1952. |
||
| 300 |
_aix, 421p. : _c27cm. |
||
| 526 |
_a0 _b0 _c0 _d372_623000000000000_REA |
||
| 650 |
_aMCE _9379 |
||
| 942 |
_2ddc _cBK |
||
| 999 |
_c542926 _d542926 |
||